000 00615nam a2200169 i 4500
001 135353
003 ES-MaACL
007 t|
008 070716s1983 sp ||||1| spa d
100 1 _aTohkeim, Roger L.
_9110427
245 1 0 _aTeoría y problemas de principios digitales /
_cRoger L. Tohkeim ; traducción: Raul Varela G., María Pozzi de del Conde ; revisión técnica: José Cenzubieta.
260 _aMadrid, etc. :
_bMcGraw-Hill,
_c[1983]
300 _aVII, 240 p. ;
_c28 cm.
700 1 _aVarela G., Raul.
_9113157
700 1 _aPozzi de del Conde, María.
_993565
852 _aES-MaACL
_jL-7491
_bR.107988
999 _c135353
_d135353